000 00283nam a22001217a 4500
008 180521b xxu||||| |||| 00| 0 eng d
041 _aeng
080 _a043.3
100 _a0
101 _aSHKI-BTH
245 _aSigurimi i rrjetit në biznese të mëdha
_cTalo,E
942 _2udc
_cBK
999 _c46116
_d46116